000 00664nam a2200253Ia 4500
001 Para_8
003 CHAP
008 220125s1999 xx 000 0 und d
010 _a198575
040 _cCHAP
090 _aPA FOLLETO 8
110 _aPolaquimia, S.A.
_9163822
245 _aControl químico de hierbas en algódon /
_c por Polaquímia, S.A
260 _aMéxico :
_b La Sociedad
300 _a9 p.
650 _aAlgodón
_xMalas hierbas
_xControl
_94030
901 _aPA FOLLETO 8
902 _aA
905 _a000007-19- mx a 0000000000 00
910 _a-19-
942 _cPARA
942 _cPARA
_d1
999 _c198575
_d198575